Villagers, villages, and the state in modern Tanzania / (Record no. 119132)
[ view plain ]
| 000 -LEADER | |
|---|---|
| fixed length control field | 01005cam a2200301 a 4500 |
| 001 - CONTROL NUMBER | |
| control field | 1465288 |
| 003 - CONTROL NUMBER IDENTIFIER | |
| control field | ARRUPE |
| 005 - DATE AND TIME OF LATEST TRANSACTION | |
| control field | 20131206133908.0 |
| 008 - FIXED-LENGTH DATA ELEMENTS--GENERAL INFORMATION | |
| fixed length control field | 860214s1985 enkb b 000 0 eng |
| 010 ## - LIBRARY OF CONGRESS CONTROL NUMBER | |
| LC control number | 86118444 |
| 020 ## - INTERNATIONAL STANDARD BOOK NUMBER | |
| International Standard Book Number | 0902993119 (pbk.) |
| 040 ## - CATALOGING SOURCE | |
| Original cataloging agency | DLC |
| Transcribing agency | DLC |
| Modifying agency | DLC |
| 043 ## - GEOGRAPHIC AREA CODE | |
| Geographic area code | f-tz--- |
| 050 00 - LIBRARY OF CONGRESS CALL NUMBER | |
| Classification number | HN797.Z9 |
| Item number | C689 1985 |
| 300 ## - PHYSICAL DESCRIPTION | |
| Other physical details | map ; |
| Dimensions | 21 cm. |
| 100 ## - MAIN ENTRY--PERSONAL NAME | |
| Personal name | Abrahams, R. G. |
| 9 (RLIN) | 5319 |
| 245 00 - TITLE STATEMENT | |
| Title | Villagers, villages, and the state in modern Tanzania / |
| Statement of responsibility, etc | edited by R.G. Abrahams. |
| 260 ## - PUBLICATION, DISTRIBUTION, ETC. (IMPRINT) | |
| Place of publication, distribution, etc | [Cambridge : |
| Name of publisher, distributor, etc | Cambridgeshire], |
| Date of publication, distribution, etc | 1985. |
| 300 ## - PHYSICAL DESCRIPTION | |
| Extent | ii, 167 p. : |
| 490 1# - SERIES STATEMENT | |
| Series statement | Cambridge African monograph ; |
| Volume number/sequential designation | 4 |
| 504 ## - BIBLIOGRAPHY, ETC. NOTE | |
| Bibliography, etc | Includes bibliographies. |
| 650 #0 - SUBJECT ADDED ENTRY--TOPICAL TERM | |
| Topical term or geographic name as entry element | Ujamaa villages |
| Geographic subdivision | Tanzania. |
| 9 (RLIN) | 5320 |
| 650 #0 - SUBJECT ADDED ENTRY--TOPICAL TERM | |
| Topical term or geographic name as entry element | Rural development |
| Geographic subdivision | Tanzania. |
| 9 (RLIN) | 5321 |
| 651 #0 - SUBJECT ADDED ENTRY--GEOGRAPHIC NAME | |
| Geographic name | Tanzania |
| General subdivision | Politics and government |
| Chronological subdivision | 1964- |
| 9 (RLIN) | 5322 |
| 700 1# - ADDED ENTRY--PERSONAL NAME | |
| Personal name | Abrahams, R. G. |
| 9 (RLIN) | 5323 |
| 830 #0 - SERIES ADDED ENTRY--UNIFORM TITLE | |
| Uniform title | Cambridge African monographs ; |
| Volume number/sequential designation | no. 4. |
| 9 (RLIN) | 5324 |
| 906 ## - LOCAL DATA ELEMENT F, LDF (RLIN) | |
| a | 7 |
| b | cbc |
| c | orignew |
| d | 3 |
| e | ncip |
| f | 19 |
| g | y-gencatlg |
| 942 ## - ADDED ENTRY ELEMENTS (KOHA) | |
| Source of classification or shelving scheme | Library of Congress Classification |
| Koha item type | Monograph ( Printed materials) |
| Withdrawn status | Lost status | Source of classification or shelving scheme | Damaged status | Not for loan | Collection code | Home library | Current library | Shelving location | Date acquired | Total Checkouts | Full call number | Barcode | Date last seen | Price effective from | Koha item type |
|---|---|---|---|---|---|---|---|---|---|---|---|---|---|---|---|
| Library of Congress Classification | Main Collection | ARRUPE LIBRARY | ARRUPE LIBRARY | Main Collection | 06/12/2013 | HN797.Z9 C689 1985 | 46406475 | 30/04/2018 | 06/12/2013 | Monograph ( Printed materials) |